[Event "VISA Nordic GP Final"]
[Site "Gentofte"]
[Date "1999.08.19"]
[Round "12"]
[White "Hansen, Sune Berg"]
[Black "Hillarp Persson, Tiger"]
[Result "1/2-1/2"]
[WhiteElo "2558"]
[BlackElo "2507"]
[Annotator "Finkel,A"]
[PlyCount "109"]
[EventDate "1999.08.05"]
[EventType "tourn"]
[EventRounds "13"]
[EventCountry "DEN"]
[EventCategory "9"]
[SourceTitle "CBM 073"]
[Source "ChessBase"]
[SourceDate "1999.12.01"]
[SourceVersion "1"]
[SourceVersionDate "1999.12.01"]
[SourceQuality "1"]

1. e4 Nf6 2. e5 Nd5 3. d4 d6 4. Nf3 c6 5. c4 Nc7 6. Be2 Bg4 (6... dxe5 7. Nxe5
g6 (7... Nd7 8. Nf3 g6 9. Nc3 Bg7 10. Bf4 O-O 11. O-O Ne6 12. Be3 Nf6 13. h3
Qc7 14. Qc1 $14 {Gruenfeld,Y-Zilberman,Y/Israel Nat. League(7.6) 1999}) 8. Be3
Bg7 9. Nd2 c5 10. Ndf3 cxd4 $11 {Garcia,G-Miles,A/Capablanca mem-A 1994}) 7.
exd6 exd6 8. Qb3 (8. O-O Be7 9. Nc3 O-O 10. Be3 Nd7 11. Qc2 Nf6 12. Rfe1 Qd7
13. a4 a5 14. Rad1 Na6 $11 {Kluegel,J-Yewdokimov,O/Bern op 1992}) (8. d5 c5 9.
Nc3 Be7 10. O-O O-O 11. Re1 Nd7 12. Bf4 Re8 13. h3 Bh5 14. Nd2 $14 {Ye
Jiangchuan-Miles,A/Beijing op 1993}) 8... b6 $6 {Hillarp is known for his
original style,but this move simply creates a weakness,so better was} (8... Qc8
) 9. Nc3 Be7 10. h3 Bh5 11. Be3 Qc8 $6 {Another "original" idea.} 12. O-O O-O
13. Rfe1 Re8 14. Rac1 Nd7 15. Qa4 $5 {[%csl Rc6] Finding a weak spot in the
position of black pieces.} c5 (15... Qb7 $2 16. d5) 16. dxc5 (16. Rcd1 Bf6 17.
Qc6 cxd4 18. Nxd4 Ne5 19. Qa4 Bxe2 20. Ndxe2 Ne6 21. b3 Nc5 $132) 16... bxc5 {
[%csl Rd6]} ({Black faces problems also after} 16... dxc5 17. Rcd1 Nf6 18. Nd5
Nfxd5 (18... Bd8 19. Nf4 Bg6 20. Nxg6 hxg6 21. Bf1 $14) 19. cxd5 Bd6 20. Qc6
$14) 17. Qd1 $5 Rb8 18. b3 Rb6 19. Nd2 Bxe2 (19... Bg6 20. Nde4 Nf6 21. Ng3 Qa6
22. Bf3 $14) 20. Rxe2 Bf6 21. Nf3 (21. Nde4 Be5 22. Nd5 Nxd5 23. Qxd5 Qc6 24.
Qxc6 Rxc6 25. Rce1 $14) 21... Bxc3 22. Rxc3 Ne5 (22... Nf6 23. Rd3 Qe6 24. Red2
Ne4 25. Ng5 Nxg5 26. Bxg5 $14) 23. Nxe5 Rxe5 24. Rd3 Ne8 (24... Qe6 25. Red2
Ne8 26. Qf3 $16 {[%cal Gf3a8]}) 25. Bf4 Rxe2 26. Qxe2 Qd7 27. Re3 Kf8 28. Qd3
$1 Kg8 29. Qe4 $16 {[%cal Ge4e7] Despite the material balance white has huge
advantage.} Rb8 $8 30. Qe7 Qxe7 31. Rxe7 a6 32. Rd7 (32. Ra7 $6 Rb6 33. Kf1 h6
34. Ke2 Nf6 35. Be3 Rc6 36. Kd3 d5 $14) (32. g4 $5 h6 33. h4 Rd8 (33... Kf8 34.
Rd7 Rb6 35. g5 hxg5 36. hxg5 $18 {[%csl Ra6,Rd6,Re8]}) 34. Ra7 d5 35. cxd5 Rxd5
36. Rxa6 Rd4 37. Ra4 $18) 32... Rb6 33. Bd2 $5 {White finds very interesting
manouvre,transfering the bichop to d8!} h6 34. Ba5 Rc6 35. Bd8 Nf6 36. Bxf6
gxf6 37. g4 $1 $18 {[%csl Rd6][%cal Gg1g2,Gg2d5]} f5 $8 38. gxf5 Kg7 39. Kg2
Kf6 40. Kf3 a5 41. Ra7 $6 ({After} 41. Ke4 $1 $18 {black can just resign,but
move in the game is also sufficient for a win.}) 41... a4 42. Rxa4 Kxf5 43. Ra7
(43. Ra5 $5 {[%cal Gb3b4]}) 43... f6 44. Rb7 Ra6 45. a4 Ra8 46. Rb5 Ke5 47. Ke3
Kf5 48. Rb6 $6 ({Another possibility was} 48. a5 $5 Ke6 49. Kd3 $18 {[%cal
Gd3c3,Gb3b4] preparing b4.}) 48... Ke5 49. Kd3 f5 50. Ke3 h5 51. Kf3 h4 52. Rb7
Rd8 53. a5 $2 {Depriving himself the last hope to win the game.} Ra8 54. Rb5 f4
55. Rb7 1/2-1/2

[Event "RUS-Cup6"]
[Site "Krasnodar"]
[Date "1997.??.??"]
[Round "2"]
[White "Dolmatov, Sergey"]
[Black "Minasian, Ara"]
[Result "1/2-1/2"]
[WhiteElo "2560"]
[BlackElo "2440"]
[Annotator "Finkel,A"]
[PlyCount "49"]
[EventDate "1997.03.11"]
[EventType "swiss"]
[EventRounds "9"]
[EventCountry "RUS"]
[SourceTitle "EXT 2000"]
[Source "ChessBase"]
[SourceDate "1999.11.16"]
[SourceVersion "1"]
[SourceVersionDate "1999.11.16"]
[SourceQuality "1"]

1. e4 Nf6 2. e5 Nd5 3. d4 d6 4. Nf3 Bg4 5. Be2 c6 6. c4 {Not very promising
move,after which black has a few ways to get balanced position.} Nb6 7. exd6
exd6 8. O-O Be7 9. b3 O-O 10. Bf4 $5 (10. Nc3 Re8 (10... N8d7 $5 {A little bit
passive,but very solid continuation giving black good chances to equalize.} 11.
h3 Bh5 12. Bf4 Re8 (12... Nf6 $5 13. Qd2 Re8 14. Rfe1 Bf8 15. Bg5 Nbd7 16. g4
Bg6 17. Nh4 $14 {Zieher H-Holzapfel D/BL8384 Lasker St. Be 1984 (44)}) 13. Re1
(13. Qd2 Nf8 14. g4 Bg6 15. Rfe1 Ne6 16. Bg3 h5 17. Bd3 Bxd3 18. Qxd3 hxg4 $11
{Wach,M-Schroll,G/AUT-ch 1995 (32)}) 13... Nf8 14. Qd2 Bf6 15. Ng5 Bxe2 16.
Rxe2 Rxe2 17. Nxe2 d5 18. c5 Nbd7 19. Re1 $11 {Moroz,A-Timoshenko,G/URS-chT
Podolsk 1990 (41)}) (10... d5 $5 11. c5 Nc8 12. h3 Bxf3 13. Bxf3 Nd7 14. Bf4
Bf6 15. Qd3 Re8 16. b4 Ne7 17. Rfe1 g6 18. g4 $1 $14 {Rechmann,K-Pollmueller,M/
NWL-II 1994 (44)}) 11. h3 Bh5 12. Bf4 Bf6 13. Qd2 Na6 $6 (13... d5 $5 14. c5
N6d7 15. Rae1 Nf8 16. Ne5 Bxe2 17. Rxe2 Nbd7 $11 {Wittmann,W-Bagirov,V/Frunze
1983/1/2-1/2 (60)}) 14. a4 $1 h6 (14... d5 15. a5 Nc8 16. cxd5 cxd5 17. Bb5 Re6
18. Ne5 $14) 15. Rfe1 Nc7 16. a5 Nc8 17. g4 Bg6 18. Bg3 $14 {Dolmatov
S-Agzamov G/Zt cat. 1982/1-0 (74)}) 10... Re8 11. Nc3 d5 12. c5 N6d7 13. h3 $5
(13. Ne5 $6 Bxe2 14. Nxe2 Nxc5 $5 15. dxc5 Bf6 16. Nxf7 Kxf7 17. Rc1 Nd7 $11 {
Munizaba Slobodan-Dansker German/Ch World cadets unde 1993 (41)}) 13... Bh5 (
13... Bf5 14. b4 Nf6 15. Qb3 b6 16. Ne5 $13) 14. Qd2 Nf8 15. g4 $5 Bg6 16. Ne5
Nbd7 17. Nxg6 hxg6 (17... Nxg6 18. Bg3 b6 19. b4 a5 20. a3 $14) 18. Be3 Ne6 {
Despite of the fact that white has a pair of bishops and certain advantage in
space black's counterchances on the kingside together with play against pawn
d4 are sufficient for the equality.} 19. b4 b6 $6 20. Rad1 (20. b5 $1 bxc5 21.
bxc6 Nb8 22. c7 Nxc7 23. dxc5 Nc6 24. Bf3 $14) 20... bxc5 $11 21. bxc5 (21.
dxc5 $6 Bf6 22. Ne4 $1 d4 $1 23. f4 a5 $13) 21... Bf6 22. Bf3 Bg5 23. Bg2 Bxe3
24. fxe3 Nf6 25. e4 $11 1/2-1/2

[Event "EU-chT (Men) 11th"]
[Site "Pula"]
[Date "1997.05.??"]
[Round "5.3"]
[White "Nijboer, Friso"]
[Black "Hug, Werner"]
[Result "1-0"]
[WhiteElo "2555"]
[BlackElo "2465"]
[Annotator "Finkel,A"]
[PlyCount "117"]
[EventDate "1997.05.05"]
[EventType "team-swiss"]
[EventRounds "9"]
[EventCountry "CRO"]
[SourceTitle "CBM 057 Extra"]
[Source "ChessBase"]
[SourceDate "1997.05.01"]
[SourceVersion "1"]
[SourceVersionDate "1997.05.01"]
[SourceQuality "1"]
[WhiteTeam "Netherlands"]
[BlackTeam "Switzerland"]
[WhiteTeamCountry "NED"]
[BlackTeamCountry "SUI"]

1. e4 {Hecht} Nf6 2. e5 Nd5 3. d4 d6 4. Nf3 Bg4 5. Be2 e6 6. O-O Be7 7. c4 Nb6
8. Nc3 O-O 9. Be3 N8d7 10. exd6 cxd6 11. b3 d5 12. h3 $5 (12. c5 Nc8 13. b4 Bf6
14. Qb3 (14. h3 Bxf3 (14... Bh5) 15. Bxf3 a5 16. a3 axb4 17. axb4 Rxa1 18. Qxa1
Ne7 19. Qa7 $14 {Anand,V-Schmidt,L/Thessaloniki 1988/1-0 (52)}) 14... a6 15. a4
Ne7 16. h3 Bxf3 17. Bxf3 Nc6 18. Rfd1 $14 {Juarez C-Schmidt Wl/Ol 1988 (52)})
12... Bh5 {Very serious attention deserved} (12... Bxf3 $5 13. Bxf3 dxc4 14.
Bxb7 Rb8 15. Ba6 cxb3 16. axb3 Nf6 17. Bf4 Bd6 $14 {with good chances to
equalize.}) 13. c5 Nc8 14. b4 a6 15. a4 Bxf3 {Logical move.In the position
with this type of pawn structure bishop has almost nothing to do.} (15... Bf6
16. g4 Bg6 17. Qd2 Re8 18. b5 $14) 16. Bxf3 Bf6 17. Rc1 Ne7 18. g4 $1 {
Restraining the mobility of black pieces.White has sagnificent advantage in
space and as a result much more place for manouevering,which is very important
in closed positions.} Nc6 19. b5 Na5 (19... axb5 20. axb5 Nb4 $2 21. Qb3 Qa5
22. Ra1 $1 Qxa1 23. Rxa1 Rxa1+ 24. Kh2 $18) 20. Be2 g6 21. f4 Bg7 22. Nb1 $1 {
White knight has nothing to do on c3,so it goes to d2,which is strangely
enough more active place.} Nf6 23. Nd2 axb5 24. axb5 Nc4 $5 {After} (24... Ne4
$5 25. Nxe4 dxe4 26. Rf2 (26. f5 Qh4 27. Kg2 exf5 28. gxf5 Rfd8 $13) 26... f5
27. Bf1 Qd5 $13 {arises position,where black's chances are not worse.}) 25.
Nxc4 dxc4 26. Bxc4 Ra3 $6 (26... Nd5 $5 27. Bxd5 Qxd5 28. Qd3 $5 (28. Ra1 Rxa1
29. Qxa1 Qb3 30. Re1 Qxb5 $15) 28... Ra2 29. Rf2 Rfa8 30. Rxa2 Rxa2 31. Bf2 $14
) 27. Rf3 $14 Ne4 28. Kg2 Nc3 29. Qc2 Nd5 30. Bf2 Rxf3 31. Kxf3 Qd7 32. Qb3 $16
{Black lost precious time playing with the knight and white succeded to
consolidate his position,however white's task is still extremly difficult
because all black pieces are situated on good defensive spots.} Ne7 33. Re1 Kh8
34. Rd1 Rd8 35. Bh4 Ra8 36. Rd3 h5 37. d5 $5 {Probably both sides were in the
timetrouble so last couple of moves were impulsive.Finaly white decides to
break in the center.} exd5 38. Bxd5 Nxd5 39. Rxd5 Ra3 $1 40. Rxd7 $6 (40. Rxh5+
$5 gxh5 41. Qxa3 hxg4+ 42. hxg4 Qxb5 43. Qe3 $16) 40... Rxb3+ {[#] Hecht:
aktiver wK gegen passiver sK; starker weißer Raumvorteil.} 41. Ke4 Rxb5 42. Bf2
$5 ({After} 42. Rxf7 Rxc5 43. Rxb7 hxg4 44. hxg4 Kg8 $14 {white's chances to
win the game are slim.}) 42... Rb4+ 43. Kf3 Kg8 (43... hxg4+ $142 {Hecht} 44.
hxg4 Kg8) 44. Rd8+ Kh7 45. g5 f6 $6 {Of course after this move the position
remains drawn,but simple} (45... Bb2 $1 46. Rd7 Kg7 47. Be3 Bc3 $11 {would
leave white no chances to make progress.}) 46. Be3 fxg5 47. fxg5 Be5 48. Re8
Ba1 $6 (48... Bb2 $5) 49. Re4 Bc3 (49... Rxe4 $6 50. Kxe4 Bc3 51. Bd4 Be1 (
51... Bd2 52. Be3 Ba5 53. Kd5 Kg7 54. Ke6 $18) 52. Be3 Kg7 53. Kd5 Kf7 54. Kd6
$18) 50. Re7+ Kg8 51. Bf4 Rb5 $6 (51... Rc4 {Hecht} 52. Bd6 Bb4 53. Rc7 h4 54.
Ke3 Rc3+ 55. Kd4 Rxh3 56. Rxb7 Ba3 57. Be5 $18 {[%cal Rc5c6]}) 52. Bd6 Bd4 $6 {
Giving a white king the possibility to penetrate to sixth rank.} 53. Rc7 Bb2
54. Ke4 Bc1 55. Be7 Rb1 56. Ke5 Bb2+ 57. Kd6 Bc3 58. Rc8+ Kh7 $2 {Throwing
away th game,while after correct} (58... Kf7 $1 59. Rf8+ Kg7 60. Rf3 Bb4 61.
Kc7 Rc1 $11 {black easily holds the position.}) 59. Bf6 1-0

[Event "Moscow Aeroflot op"]
[Site "Moscow"]
[Date "2002.02.05"]
[Round "1"]
[White "Socko, Bartosz"]
[Black "Zilberman, Yaacov"]
[Result "1-0"]
[WhiteElo "2585"]
[BlackElo "2466"]
[Annotator "Finkel,A"]
[PlyCount "165"]
[EventDate "2002.02.04"]
[EventType "swiss"]
[EventRounds "9"]
[EventCountry "RUS"]
[SourceTitle "CBM 088"]
[Source "ChessBase"]
[SourceDate "2002.03.21"]
[SourceVersion "1"]
[SourceVersionDate "2002.03.21"]
[SourceQuality "1"]

1. e4 Nf6 2. e5 Nd5 3. d4 d6 4. Nf3 c6 {Slightly passive, but rock-solid
variation!} 5. Be2 dxe5 6. dxe5 Bg4 7. O-O Bxf3 8. Bxf3 e6 9. Nd2 Nd7 10. Re1
Qc7 11. Nc4 N7b6 12. Nxb6 axb6 {This move is better than} (12... Nxb6 13. Qd4
Be7 14. Qg4 g6 15. Bh6 O-O-O 16. a3 Bf8 17. Bg5 $14 {and white got better
chances; Faig,C-Malbran,G/Buenos Aires 2000/CBM 79}) 13. c4 (13. Bd2 Bc5 (13...
b5 14. Qe2 Nb6 15. b3 Bc5 16. a4 $5 bxa4 17. bxa4 Rxa4 18. Rxa4 Nxa4 19. Qc4 b5
20. Qe4 $14 {Frolik,E-Einwiller,B/Wuerttemberg 1995/EXT 99}) 14. c3 b5 15. Bxd5
cxd5 16. Qg4 O-O 17. Bg5 Ra4 18. b4 Re8 $132 {1/2-1/2 Timoshenko,I-Smirnov,I/
Sevastopol 2000/EXT 2001 (18)}) (13. Bg5 Bc5 14. a3 h6 15. Bh4 b5 16. Qe2 Nf4
17. Qe4 Ra4 18. b4 Ng6 19. Bg3 $14 {Tupy,M-Pacl,V/CZE-ch 1994/TD}) (13. Bxd5
cxd5 14. c3 Qc4 15. Be3 Bc5 16. a3 $11 {1/2-1/2 Kalegin,E-Donchenko,A/Minsk
1993/EXT 97 (16)}) 13... Ne7 14. Bd2 $5 (14. Be4 g6 15. Be3 Nf5 16. Bxf5 gxf5
17. Qb3 c5 18. Bg5 Rg8 19. Bf6 Be7 $11 {1/2-1/2 Michalczak,T-Floegel,U/Germany
1997/GER-chT (48)}) 14... Rd8 15. Qc1 (15. Qe2 Nf5 16. Bc3 Nd4 $11) 15... Ng6
$6 (15... Nf5) 16. Bc3 Be7 17. Qe3 Bc5 18. Qe4 $14 {[%csl Rg6]} Qe7 19. a3 $1 {
Otherwise black would exchnge the bishops with Bb4.} (19. g3 $6 Bb4 $11) 19...
Qh4 20. g3 Qxe4 21. Rxe4 Kd7 (21... O-O 22. Kf1 Rd7 23. Rd1 Rxd1+ 24. Bxd1 Rd8
25. Bc2 $14) 22. b4 Be7 23. h4 Kc7 24. Be2 h5 25. Re3 Rd7 26. Rf3 Bd8 27. a4 $5
{Trying to break on the queenside.} (27. Rd1 Rxd1+ 28. Bxd1 Rf8 29. Rd3 Rh8 $14
) 27... Kc8 28. a5 bxa5 29. bxa5 Bc7 30. Re3 Ne7 31. a6 bxa6 32. Rxa6 Kb7 33.
Ra2 Bb6 (33... Nf5 $5 34. Rb2+ Kc8 35. Rd3 Rxd3 36. Bxd3 Rd8 37. Be4 Rd1+ 38.
Kg2 Nd4 $14) 34. Rb2 Ka7 35. Rf3 Nf5 36. Be1 $1 {[%csl Ra7][%cal Gf3a3]} Rb7
37. Kf1 Bc5 38. Ra2+ Kb8 39. Rd3 g6 40. Ra5 Bb6 41. Ra6 Kc7 42. Bf3 {[%cal
Gc4c5]} Ra7 43. Rxa7+ Bxa7 44. Ra3 Bb6 $6 {It was simplier to play} (44... Bd4
$5 45. Ra6 Bxe5 46. Rxc6+ Kd7 47. Ra6 Rc8 $11 {and black is out of danger}) 45.
Bb4 c5 46. Bd2 Rd8 47. Bg5 Rb8 48. Be4 Nd4 (48... Kd7 $1 49. Rd3+ Nd4 $11) 49.
Be7 $1 {[%cal Ge7d6]} Kd7 50. Bd6 Rc8 51. Ra6 Bc7 52. Ra7 (52. Bxc5 Bxe5 53.
Ra7+ Rc7 $11) 52... Nc6 53. Bxc6+ Kxc6 54. Bxc7 Rxc7 55. Ra8 Kd7 56. Ke2 Ke7
57. Ke3 $14 {[%csl Rc5,Rf7][%cal Ge3d2,Gd2c2,Gc2a4,Ga4b5,Ge3h6,Gh6g7] White
still keeps sightly better chances due to more active king and rooks, however
blak should hold this one.} f6 58. f4 Kf7 59. Kd3 Rd7+ 60. Kc3 fxe5 61. fxe5 g5
$5 (61... Rd4 $1 62. Ra7+ Kf8 63. Rc7 Rg4 64. Rxc5 Rxg3+ 65. Kb4 Rg4 66. Rc8+
Ke7 $11) 62. hxg5 Kg6 63. Rc8 $2 {Afer this move white is in troubles!} Kxg5
64. Rxc5 Kg4 65. Rc6 Re7 66. Rc8 Kxg3 67. c5 h4 68. c6 (68. Kc4 Rh7 $1 69. c6
h3 70. Ra8 h2 71. Ra1 h1=Q 72. Rxh1 Rxh1 73. Kc5 Kf4 74. Kd6 Kf5 75. c7 Rc1 $19
) 68... h3 69. Kd4 h2 $4 {Missing} (69... Rh7 70. c7 Rg7 $1 $19 {and black is
winning!}) 70. Rg8+ Kf3 71. Rh8 Kg2 72. Kc5 $1 $18 Re8 73. Rh6 h1=Q 74. Rxh1
Kxh1 75. Kd6 Kg2 76. Kd7 Rh8 77. Kxe6 Kg3 78. Kd7 Rh7+ 79. Kd6 Kf4 80. e6 Kf5
81. e7 Rh8 82. Kd7 Ke5 83. c7 1-0

[Event "Asia-ch"]
[Site "Kolkata"]
[Date "2001.08.10"]
[Round "2"]
[White "Wang, Zili"]
[Black "Izmukhambetov, Salauat"]
[Result "1/2-1/2"]
[WhiteElo "2557"]
[BlackElo "2352"]
[Annotator "Finkel,A"]
[PlyCount "116"]
[EventDate "2001.08.09"]
[EventType "swiss"]
[EventRounds "11"]
[EventCountry "IND"]
[SourceTitle "CBM 085"]
[Source "ChessBase"]
[SourceDate "2001.11.13"]
[SourceVersion "1"]
[SourceVersionDate "2001.11.13"]
[SourceQuality "1"]

1. e4 Nf6 2. e5 Nd5 3. d4 d6 4. Nf3 Bg4 5. Be2 e6 6. O-O Nb6 7. h3 Bh5 8. c4
Be7 9. Nc3 {One of the main lines in Alekhine defense promising black very
solid, but slightly passive position.} O-O 10. exd6 cxd6 11. Be3 d5 {This move
is the main idea of the whole variation, so black has to play it sooner or
later} (11... a6 12. b3 d5 13. c5 Bxf3 14. Bxf3 Nc8 15. b4 Nc6 16. Rb1 Bf6 17.
a4 N8e7 18. b5 axb5 19. axb5 $14 {Vidarsson,J-Shabalov,A/Reykjavik op 1994})
12. c5 N6d7 (12... Bxf3 13. Bxf3 Nc4 (13... N6d7 14. Qd2 Nc6 15. Rab1 a5 16. a3
a4 17. Bd1 Bf6 18. Bxa4 e5 19. Bxc6 bxc6 20. Na2 Qc7 21. Rbc1 Rfb8 22. Nb4 Rb5
23. Rc2 Raa5 24. Re1 h6 {1/2-1/2 Kucumenler,T-Bae,T/WchJM U20 1997}) 14. Bf4 (
14. b3 $6 Nxe3 15. fxe3 Nc6 16. a3 b6 17. b4 bxc5 18. dxc5 Bf6 19. Qc2 Be5 $132
{Hedke,F-Shabalov,A/Biel op 1992}) (14. Bc1 Nc6 15. b3 N4a5 16. Be3 (16. Rb1
Bf6 17. Be3 b6 18. cxb6 Qxb6 19. Ne2 Nb7 20. Qd3 Nd6 21. Rbc1 $14 {Bojkov,
D-Todorov,T/BUL-ch 1998}) 16... Bf6 17. Rc1 Ne7 18. g4 g6 19. Qd2 $14 {Krakops,
M-Baburin,A/Berliner Sommer 1994}) 14... Nc6 15. b3 N4a5 16. Rc1 b6 17. Na4 Bf6
18. Be3 Rb8 19. Be2 $14 {Kristensen,B-Danielsen,H/Espergarde PC 1992}) 13. b4
a6 $5 (13... Bxf3 14. Bxf3 a6) 14. Ne1 (14. a4 Nc6 15. Rb1 Bf6 16. Re1 Bg6 17.
Rb2 $14) 14... Bxe2 15. Qxe2 Bf6 16. Qd2 (16. Nc2 b6 17. Na4 bxc5 18. Nxc5 Nxc5
19. bxc5 Nc6 $11) 16... Nc6 17. Rb1 Re8 18. f4 {Preventing black from playing
e5.} (18. Nc2 $6 {[%csl Rc2]} b6 19. Rfc1 bxc5 20. dxc5 Nde5 21. Nd4 Nc4 22.
Qd3 Bxd4 $1 23. Bxd4 Qh4 $1 $15) 18... b6 19. Na4 bxc5 20. bxc5 (20. dxc5 $5)
20... Qa5 21. Qxa5 Nxa5 22. Nf3 Rab8 23. Ne5 Rxb1 $1 24. Rxb1 Rb8 25. Rc1 {
Arising endgame is equal and white takes certain risk trying to play it for a
win} (25. Nb6 $5 Bxe5 26. dxe5 Nc4 27. Bd4 (27. c6 $2 Rxb6 $1 28. Bxb6 Ndxb6
29. a4 a5 30. c7 Kf8 $19) 27... Ndxb6 28. cxb6 Rb7 29. a4 Kf8 30. Rc1 (30. a5
$2 Nxa5 31. Ra1 Nb3 32. Rxa6 Nxd4 33. Ra8+ Ke7 34. Ra7 Rd7 $1 $19) 30... a5 31.
Rb1 Ke7 32. Rb5 Kd7 33. Kf2 $11) 25... Nxe5 26. dxe5 Bd8 27. Nb6 h6 (27... Bxb6
28. cxb6 Nc4 29. Kf2 Kf8 $13) 28. Kf2 Nc6 29. Rd1 Bc7 30. Ke2 Rd8 31. g4 $6 {
[%csl Re5] This move is serious inaccuracy weakening pawn e5, which is
extremly important for white.} (31. Rd3 $5 Kf8 32. Ra3 a5 33. Bd2 Bxb6 34. cxb6
Rb8 35. Bxa5 Nxa5 36. Rxa5 Rxb6 37. Ra8+ Ke7 38. Ra7+ Kf8 $14) 31... Rb8 32. h4
g6 33. h5 Kg7 34. hxg6 fxg6 35. Rd2 g5 36. f5 (36. fxg5 hxg5 37. Bxg5 Bxe5 38.
Be3 Bc7 $15) 36... exf5 37. Rxd5 Re8 38. gxf5 (38. Rd7+ Re7 39. Rxe7+ Nxe7 40.
gxf5 Bxe5 41. Nd7 Bb2 42. Kd3 $15) 38... Bxe5 {Suddenly white finds himself in
inferior position and manages to hold it thanks to a blunder of black in the
very end of the game.} 39. Kf3 Kf6 40. Nc4 (40. Kg4 h5+ 41. Kxh5 Kxf5 (41...
Rh8+ $6 42. Kg4 Rh4+ 43. Kf3 Kxf5 44. Bf2 g4+ 45. Kg2 Rh2+ 46. Kg1 Rh3 $15) 42.
Bxg5 Rh8+ 43. Bh6 Ne7 $19 {[%cal Ge7g8]}) 40... Kxf5 (40... h5 $5 41. Nd6 g4+
42. Kf2 Rb8 $17) 41. Nd6+ Ke6 42. Rd1 Rb8 $17 43. Nc4 Rb4 44. Nxe5 Nxe5+ 45.
Kg3 Ra4 (45... h5 $1 46. Rd6+ Kf5 47. Rxa6 h4+ 48. Kh3 Rg4 $1 $19) 46. Kf2 Ra5
(46... Rxa2+ $19) 47. Rd6+ Kf5 48. Bd4 Rxa2+ 49. Kf1 Ke4 $2 {Much simplier was}
(49... Nf3 50. Bf2 Nd2+ $19 {[%cal Gd2e4]}) 50. Bxe5 Kxe5 51. Rxh6 a5 52. Rb6
Rc2 $5 (52... Kf4 53. c6 g4 54. Rb5 Rc2 55. Rxa5 Kg3 $17) 53. Rb5 Ra2 $2 {
Missing a win which was still possible after} (53... a4 54. c6+ (54. Ra5 Kf4
55. Rxa4+ Kg3 56. Ra3+ Kh2 $19) 54... Kf4 55. Rb4+ Kg3 56. Rxa4 Rc1+ 57. Ke2
Rxc6 $19) 54. c6+ Kd6 55. Rxg5 Kxc6 56. Ke1 Kb6 57. Kd1 Rh2 58. Kc1 Ra2 1/2-1/2

[Event "Najdorf Memorial Great fin"]
[Site "Buenos Aires"]
[Date "2000.09.11"]
[Round "2.1"]
[White "Vescovi, Giovanni P"]
[Black "Malbran, Guillermo"]
[Result "1-0"]
[WhiteElo "2526"]
[BlackElo "2399"]
[Annotator "Finkel,A"]
[PlyCount "69"]
[EventDate "2000.09.09"]
[EventType "k.o."]
[EventRounds "4"]
[EventCountry "ARG"]
[SourceTitle "CBM 079"]
[Source "ChessBase"]
[SourceDate "2000.11.21"]
[SourceVersion "1"]
[SourceVersionDate "2000.11.21"]
[SourceQuality "1"]

1. e4 Nf6 2. e5 Nd5 3. d4 d6 4. Nf3 Bg4 5. Be2 c6 6. c4 Nb6 7. Nbd2 {Not the
most ambitious and dangerous for black variation,nevertheless giving white
some hopes to get opening advantage.} dxe5 8. Nxe5 Bf5 ({Not so ba is also} 
8... Bxe2 9. Qxe2 N8d7 10. O-O (10. Nef3 e6 11. O-O Be7 12. b3 Bf6 13. Bb2 c5
14. Ne4 $14 {Lau,R-Oswald,M/Dresden op 1993}) 10... e6 11. Ndf3 Nxe5 12. dxe5
Be7 13. Bd2 O-O 14. Ba5 Qc8 15. Rad1 Nd7 16. Rd4 b6 $11 {Coenen,N-Donchenko,A/
Aachen op 1993}) 9. Nef3 (9. Nb3 e6 10. O-O N8d7 11. f4 Nxe5 12. fxe5 Be7 13.
a4 O-O 14. Bd2 Nd7 15. Bc3 $14 {Jerez Araoz,G-Malbran,G/Buenos Aires VII
Najdorf op 1995}) (9. Ndf3 e6 (9... f6 10. Bd3 Bxd3 11. Nxd3 Nxc4 12. O-O Na6
13. Nf4 Qd7 $13 {Kersten,U-Goeke,B/OLO-B 1993}) 10. Ng5 Bb4+ 11. Kf1 O-O $2 12.
g4 Bg6 13. c5 $18 {[%csl Rb4] Nikolaidis,K-Stefanopoulos,O/Zonal 1.5 1998})
9... e6 10. O-O N8d7 (10... Be7 11. Re1 {1/2-1/2 Lau,R-Knezevic,M/Wuppertal
1986}) 11. b3 Be7 12. Bb2 O-O 13. Re1 Re8 14. Bf1 h6 (14... c5 15. Qe2 Bf6 16.
Ne4 Bxe4 17. Qxe4 Qc7 18. Rad1 $14) 15. Qc1 Qc7 16. Bc3 Nc8 {Black starts to
play without plan and white punishes him in very elegant and nice style.} (
16... a5 $5 17. Qb2 Nf6 18. Ne5 Nbd7 19. Ndf3 Nxe5 20. Nxe5 Nd7 $11) 17. Qb2
Bf6 18. b4 Ne7 19. a4 Ng6 20. Ne4 Bxe4 21. Rxe4 b6 (21... Rad8 22. Rae1 b6 23.
g3 c5 24. dxc5 bxc5 25. b5 Bxc3 26. Qxc3 $14) 22. Rae1 Red8 23. Rg4 c5 24. h4
$5 h5 (24... cxd4 25. Nxd4 Nde5 26. Nb5 Qb8 27. Rge4 a6 28. Na3 $14) 25. Rge4
cxb4 (25... cxd4) 26. Qxb4 Be7 $6 {Much more persistant was} (26... Ne7) 27.
Qb1 $1 Ndf8 $6 (27... Nf6 $6 28. Rxe6 fxe6 29. Qxg6 Qd7 30. Ng5 $16) (27...
Ngf8 $5) 28. Qb5 $1 {[%csl Rh5]} f5 $8 29. R4e3 Nxh4 30. Ne5 $1 Bf6 (30... Bg5
31. Rh3) 31. d5 $1 exd5 32. cxd5 Qc5 33. Qb3 Kh7 (33... Rxd5 34. Bc4 $18) 34.
Nf7 Rd7 (34... Qxd5 35. Bxf6 Qxb3 36. Rxb3 gxf6 37. Nxd8 Rxd8 38. Re7+ $18) 35.
Bxf6 (35. Bxf6 gxf6 36. d6 Kg7 37. Re7 Nhg6 38. Nd8+ Kh6 39. Rxd7 Nxd7 40. Qg8
$18) 1-0